[Event "IBCA EU-chT blind 2nd"]
[Site "Calimanesti"]
[Date "2019.10.13"]
[Round "9.4"]
[White "Stachanczyk, Jacek"]
[Black "Stoyanov, Stojan Slavov"]
[Result "1-0"]
[WhiteElo "2145"]
[BlackElo "1905"]
[PlyCount "57"]
[EventDate "2019.10.05"]
[EventType "team-swiss"]
[EventRounds "9"]
[EventCountry "ROU"]
[SourceTitle "CBM 192 Extra"]
[Source "Chessbase"]
[SourceDate "2019.11.06"]
[SourceVersion "1"]
[SourceVersionDate "2019.11.06"]
[SourceQuality "1"]
[WhiteTeam "Poland II"]
[BlackTeam "Bulgaria"]
[WhiteTeamCountry "POL"]
[BlackTeamCountry "BUL"]

1. c4 Nf6 2. g3 g6 3. Bg2 Bg7 4. Nc3 c5 5. Nf3 Nc6 6. 0-0 0-0 7. d4 cxd4 8. Nxd4 Nxd4 9. Qxd4 d6 10. Qd3 Rb8 11. b3 b6 12. Bb2 Bb7 13. e4 Nd7 14. Rad1 Ne5 15. Qe2 Bc8 16. h3 Qe8 17. Nd5 Bb7 18. f4 Nd7 19. e5 dxe5 20. fxe5 Bxd5 21. Bxd5 Qc8 22. Rxf7 Rxf7 23. Bxf7+ Kxf7 24. e6+ Kg8 25. exd7 Qc5+ 26. Qf2 Rd8 27. Bxg7 Kxg7 28. Qxc5 bxc5 29. b4 1-0

[Event "IBCA EU-chT blind 2nd"]
[Site "Calimanesti"]
[Date "2019.10.08"]
[Round "4.4"]
[White "Culjak, Miso"]
[Black "Stoyanov, Stojan Slavov"]
[Result "0-1"]
[WhiteElo "1666"]
[BlackElo "1905"]
[PlyCount "81"]
[EventDate "2019.10.05"]
[EventType "team-swiss"]
[EventRounds "9"]
[EventCountry "ROU"]
[SourceTitle "CBM 192 Extra"]
[Source "Chessbase"]
[SourceDate "2019.11.06"]
[SourceVersion "1"]
[SourceVersionDate "2019.11.06"]
[SourceQuality "1"]
[WhiteTeam "Croatia"]
[BlackTeam "Bulgaria"]
[WhiteTeamCountry "CRO"]
[BlackTeamCountry "BUL"]

1. d4 Nf6 2. Nf3 g6 3. Bf4 Bg7 4. e3 0-0 5. Be2 c5 6. c3 b6 7. Nbd2 d6 8. 0-0 Nh5 9. Bg5 Bb7 10. e4 Nf6 11. d5 Nbd7 12. Rb1 a6 13. c4 h6 14. Bh4 e5 15. b4 Qc7 16. a3 cxb4 17. axb4 a5 18. Ne1 axb4 19. Rxb4 g5 20. Bg3 Nc5 21. Qb1 Ra6 22. f3 Rfa8 23. Qc1 Ncxe4 24. Rb1 Nxg3 25. hxg3 Qc5+ 26. Kh1 Qe3 27. Qd1 Ra2 28. Nc2 Qc3 29. Rc1 Bc8 30. g4 Bd7 31. Ne4 Nxe4 32. fxe4 Ba4 33. Qd3 Qb2 34. Rb1 Qxc2 35. Qxc2 Bxc2 36. Rxb6 Bxe4 37. Bf3 Bd3 38. Rc1 Ra1 39. Rxa1 Rxa1+ 40. Kh2 f5 41. Rb3 0-1

[Event "Sliven op 17th"]
[Site "Sliven"]
[Date "2016.10.01"]
[Round "4"]
[White "Stoyanov, Stojan Slavov"]
[Black "Stankov, Apostol"]
[Result "1-0"]
[WhiteElo "1972"]
[BlackElo "1833"]
[PlyCount "51"]
[EventDate "2016.09.30"]
[EventType "swiss"]
[EventRounds "7"]
[EventCountry "BUL"]
[SourceTitle "EXT 2017"]
[Source "ChessBase"]
[SourceDate "2016.10.25"]
[SourceVersion "1"]
[SourceVersionDate "2016.10.25"]
[SourceQuality "1"]

1. f4 c5 2. e4 Nc6 3. Nc3 g6 4. Nf3 Bg7 5. Bc4 e6 6. 0-0 Nge7 7. e5 d5 8. Be2 a6 9. Kh1 b5 10. d4 cxd4 11. Nxd4 Nxd4 12. Qxd4 Nf5 13. Qc5 Bf8 14. Qf2 Bb7 15. Bd3 Rc8 16. Bxf5 gxf5 17. Be3 Qc7 18. Rac1 Rg8 19. Bd4 Bc5 20. Ne2 Bxd4 21. Nxd4 Qc4 22. a3 Kd7 23. c3 a5 24. Qh4 b4 25. axb4 axb4 26. Qxh7 1-0

[Event "Yambol Diana op 1st"]
[Site "Yambol"]
[Date "2016.01.23"]
[Round "1"]
[White "Stoyanov, Stojan Slavov"]
[Black "Chirakov, Petar"]
[Result "0-1"]
[WhiteElo "1978"]
[BlackElo "2100"]
[PlyCount "108"]
[EventDate "2016.01.23"]
[EventType "swiss"]
[EventRounds "6"]
[EventCountry "BUL"]
[SourceTitle "CBM 170 Extra"]
[Source "ChessBase"]
[SourceDate "2016.02.25"]
[SourceVersion "1"]
[SourceVersionDate "2016.02.25"]
[SourceQuality "1"]

1. f4 d5 2. Nf3 Nf6 3. b3 Bg4 4. e3 Nbd7 5. Bb2 e6 6. c4 Bd6 7. Be2 Bxf3 8. Bxf3 0-0 9. 0-0 c6 10. cxd5 cxd5 11. Nc3 Rc8 12. Nb5 Bb8 13. Ba3 Re8 14. Nd6 Bxd6 15. Bxd6 Qb6 16. Ba3 d4 17. Qe2 Nd5 18. Bxd5 exd5 19. Rfe1 dxe3 20. dxe3 Rc3 21. Bc1 Nf6 22. Bd2 Rc6 23. Qd3 Rce6 24. Qd4 Qxd4 25. exd4 Re4 26. g3 Rxd4 27. Rxe8+ Nxe8 28. Be3 Rd3 29. Bxa7 Nd6 30. Re1 Ne4 31. Kf1 f6 32. Re3 Rc3 33. Bd4 Rc1+ 34. Kg2 Rc2+ 35. Kg1 Rxa2 36. Rd3 Kf7 37. Be3 Ke6 38. f5+ Kxf5 39. Rxd5+ Kg4 40. Bb6 g6 41. Rd7 h5 42. b4 Rb2 43. Bc5 f5 44. Kf1 Rxh2 45. Rxb7 Kf3 46. Kg1 Rg2+ 47. Kf1 Rxg3 48. Rd7 Kg4 49. Rd4 Rb3 50. Ke2 h4 51. Rc4 Kg3 52. Bg1 h3 53. Rc6 g5 54. Rh6 Rxb4 0-1

[Event "Albena Intelekti op"]
[Site "Albena"]
[Date "2012.06.23"]
[Round "7"]
[White "Arnaudov, Petar"]
[Black "Stoyanov, Stojan Slavov"]
[Result "1-0"]
[WhiteElo "2154"]
[BlackElo "2099"]
[PlyCount "63"]
[EventDate "2012.06.17"]
[EventType "swiss"]
[EventRounds "9"]
[EventCountry "BUL"]
[SourceTitle "EXT 2014"]
[Source "ChessBase"]
[SourceDate "2013.11.20"]
[SourceVersion "1"]
[SourceVersionDate "2013.11.20"]
[SourceQuality "1"]

1. e4 c5 2. b4 cxb4 3. d4 g6 4. h4 Nc6 5. h5 d5 6. hxg6 fxg6 7. e5 Qb6 8. Be3 Bf5 9. g4 Bd7 10. a3 e6 11. Bd3 Nge7 12. Ne2 Bg7 13. Nd2 0-0 14. Rh3 Rf7 15. Nf3 Bf8 16. Ng5 Rg7 17. Kf1 Nd8 18. Ng3 Nf7 19. c3 Nxg5 20. Bxg5 Bb5 21. Kg2 Bxd3 22. Qxd3 Rf7 23. Rah1 a5 24. Bf6 a4 25. Nh5 b3 26. Nf4 Bg7 27. Nxg6 Nxg6 28. Qxg6 Rxf6 29. Qxh7+ Kf7 30. exf6 Kxf6 31. g5+ Kf7 32. Rf3+ 1-0

[Event "BUL-ch Seniors"]
[Site "Sofia"]
[Date "2012.05.21"]
[Round "4"]
[White "Stoyanov, Stojan Slavov"]
[Black "Tsenukov, Angel"]
[Result "1-0"]
[WhiteElo "2099"]
[BlackElo "2040"]
[PlyCount "101"]
[EventDate "2012.05.19"]
[EventType "swiss"]
[EventRounds "9"]
[EventCountry "BUL"]
[SourceTitle "CBM 148 Extra"]
[Source "ChessBase"]
[SourceDate "2012.06.22"]
[SourceVersion "1"]
[SourceVersionDate "2012.06.22"]
[SourceQuality "1"]

1. f4 d5 2. Nf3 g6 3. e3 Bg7 4. Nc3 Nf6 5. Be2 0-0 6. 0-0 c5 7. Rb1 Nc6 8. a3 d4 9. exd4 cxd4 10. Na2 Be6 11. b3 Qb6 12. Bd3 Nd5 13. Ng5 Bf5 14. Bxf5 gxf5 15. Kh1 e5 16. fxe5 Nxe5 17. Nb4 Nxb4 18. axb4 Qg6 19. Nf3 Ng4 20. h3 Qh5 21. Bb2 Rad8 22. Kg1 Nh6 23. d3 Qg6 24. Qd2 Rd5 25. Ra1 a6 26. Ra5 b5 27. Rfa1 Rd6 28. Qf4 Rc8 29. Rc1 Rcd8 30. Re1 Re6 31. Raa1 Rde8 32. Rxe6 Qxe6 33. Bxd4 Bxd4+ 34. Qxd4 Qc6 35. c4 Re2 36. Qd8+ Kg7 37. Qg5+ Qg6 38. Rxa6 Qxg5 39. Nxg5 Rb2 40. Rb6 Rxb3 41. Rxb5 Rxd3 42. c5 Rc3 43. Rb6 f6 44. Nf3 f4 45. Nd4 Kg6 46. c6 Nf7 47. Rb7 Nd6 48. b5 Rc4 49. Rd7 Ne4 50. Ne2 Kg5 51. Rd4 1-0

[Event "Teteven op 26th"]
[Site "Teteven"]
[Date "2011.08.21"]
[Round "9"]
[White "Nikolov, Sasho"]
[Black "Stoyanov, Stojan Slavov"]
[Result "1-0"]
[WhiteElo "2412"]
[BlackElo "2098"]
[PlyCount "85"]
[EventDate "2011.08.13"]
[EventType "swiss"]
[EventRounds "9"]
[EventCountry "BUL"]
[SourceTitle "CBM 143 Extra"]
[Source "ChessBase"]
[SourceDate "2011.08.29"]
[SourceVersion "1"]
[SourceVersionDate "2011.08.29"]
[SourceQuality "1"]

1. e4 c5 2. Nf3 a6 3. c3 g6 4. d4 cxd4 5. cxd4 Bg7 6. Nc3 Nc6 7. Be2 d6 8. h3 Nf6 9. 0-0 0-0 10. Bg5 h6 11. Bh4 Nd7 12. Nd5 g5 13. Bg3 e6 14. Ne3 Nf6 15. d5 exd5 16. exd5 Ne7 17. Qb3 Ne4 18. Bh2 f5 19. Rad1 b5 20. Nd4 f4 21. Nec2 Qb6 22. Bg4 Nf5 23. Ne6 Nc5 24. Nxc5 dxc5 25. Rfe1 Bd7 26. h4 Nd4 27. Nxd4 Bxg4 28. Nf3 Rad8 29. hxg5 hxg5 30. Nxg5 Bxd1 31. Rxd1 Qg6 32. Ne6 c4 33. Qf3 Bxb2 34. Nxf8 Rxf8 35. d6 Bf6 36. Bxf4 Rd8 37. d7 c3 38. Qc6 Qf5 39. g3 c2 40. Rd5 Qg4 41. Qxf6 Qd1+ 42. Kh2 Qxd5 43. Qxd8+ 1-0

[Event "BUL-ch Seniors"]
[Site "Sofia"]
[Date "2011.05.15"]
[Round "3"]
[White "Arnaudov, Petar"]
[Black "Stoyanov, Stojan Slavov"]
[Result "1-0"]
[WhiteElo "2189"]
[BlackElo "2096"]
[PlyCount "67"]
[EventDate "2011.05.14"]
[EventType "swiss"]
[EventRounds "9"]
[EventCountry "BUL"]
[SourceTitle "CBM 142 Extra"]
[Source "ChessBase"]
[SourceDate "2011.06.27"]
[SourceVersion "1"]
[SourceVersionDate "2011.06.27"]
[SourceQuality "1"]

1. e4 c5 2. Nc3 Nc6 3. g3 d6 4. Bg2 Nf6 5. d3 e5 6. f4 Bg4 7. Nce2 Be7 8. h3 Bd7 9. Nf3 Qb6 10. Nd2 Nd4 11. Nc4 Qc7 12. c3 Nxe2 13. Qxe2 b5 14. Ne3 g6 15. 0-0 Bc6 16. a4 bxa4 17. Nc4 Nh5 18. Qf2 exf4 19. gxf4 f5 20. e5 d5 21. Ne3 Qd7 22. c4 d4 23. Bxc6 Qxc6 24. Nd5 Rb8 25. Qf3 Qd7 26. e6 Qd6 27. Rxa4 0-0 28. Rxa7 Bh4 29. Qe2 Rfe8 30. e7 Kf7 31. Qe5 Qxe5 32. fxe5 Bxe7 33. Bg5 Rxb2 34. Bxe7 1-0

[Event "BUL-ch Seniors"]
[Site "Sofia"]
[Date "2011.05.15"]
[Round "2"]
[White "Stoyanov, Stojan Slavov"]
[Black "Dimitrov, Notyo"]
[Result "1-0"]
[WhiteElo "2096"]
[BlackElo "1791"]
[PlyCount "77"]
[EventDate "2011.05.14"]
[EventType "swiss"]
[EventRounds "9"]
[EventCountry "BUL"]
[SourceTitle "CBM 142 Extra"]
[Source "ChessBase"]
[SourceDate "2011.06.27"]
[SourceVersion "1"]
[SourceVersionDate "2011.06.27"]
[SourceQuality "1"]

1. e4 e5 2. Nf3 Nc6 3. Bc4 Bc5 4. b4 Bxb4 5. c3 Be7 6. d4 exd4 7. 0-0 d6 8. cxd4 Nf6 9. Nc3 0-0 10. h3 Na5 11. Bd3 c5 12. d5 Nd7 13. Bf4 Bf6 14. Rc1 c4 15. Bb1 Ne5 16. Nxe5 dxe5 17. Be3 Be7 18. f4 exf4 19. Bxf4 Qb6+ 20. Kh1 Ba3 21. Rc2 Bd7 22. Re2 Bb4 23. Be3 Bc5 24. Bxc5 Qxc5 25. e5 Rad8 26. Ne4 Qc8 27. Qc2 f5 28. exf6 Be8 29. Nd6 Bg6 30. Nxc8 Bxc2 31. Ne7+ Kh8 32. Bxc2 gxf6 33. Re6 Rd7 34. d6 a6 35. Be4 Kg7 36. Nf5+ Kh8 37. Re7 Rfd8 38. Rf3 Nc6 39. Bxc6 1-0

[Event "BUL-ch Seniors"]
[Site "Sofia"]
[Date "2011.05.14"]
[Round "1"]
[White "Kolev, Velio"]
[Black "Stoyanov, Stojan Slavov"]
[Result "1/2-1/2"]
[WhiteElo "1936"]
[BlackElo "2096"]
[PlyCount "122"]
[EventDate "2011.05.14"]
[EventType "swiss"]
[EventRounds "9"]
[EventCountry "BUL"]
[SourceTitle "CBM 142 Extra"]
[Source "ChessBase"]
[SourceDate "2011.06.27"]
[SourceVersion "1"]
[SourceVersionDate "2011.06.27"]
[SourceQuality "1"]

1. e4 c5 2. Nf3 Nc6 3. g3 g6 4. Bg2 Bg7 5. 0-0 d6 6. c3 Nf6 7. d3 0-0 8. h3 Qc7 9. Be3 Rb8 10. Qc2 b5 11. d4 Nd7 12. Nbd2 b4 13. Rab1 a5 14. Rfc1 Ba6 15. h4 e6 16. Nf1 c4 17. Qd2 Rfc8 18. Bh6 Bf6 19. N1h2 Be7 20. Bg5 f6 21. Be3 d5 22. exd5 exd5 23. Bh3 f5 24. h5 Nf6 25. Bf4 Bd6 26. Bxd6 Qxd6 27. hxg6 hxg6 28. Qh6 Ne4 29. Ng5 Rc7 30. Bg2 Rg7 31. Bxe4 fxe4 32. Kg2 Ne7 33. g4 Bc8 34. Rh1 Kf8 35. Nh7+ Kg8 36. Ng5 Qf4 37. Nf1 Qxg4+ 38. Ng3 Kf8 39. Rh4 Ng8 40. Rxg4 Nxh6 41. Rf4+ Nf5 42. cxb4 axb4 43. f3 exf3+ 44. Kxf3 Ke8 45. Re1+ Re7 46. Rxe7+ Kxe7 47. Nxf5+ gxf5 48. Rh4 Kf6 49. Nh3 Ra8 50. Rh8 Bb7 51. Rh7 Bc8 52. Rh8 Rxa2 53. Rxc8 Rxb2 54. Nf4 Rb3+ 55. Ke2 Kg5 56. Nxd5 c3 57. Rc4 Rb2+ 58. Ke1 Rb1+ 59. Kf2 Rb2+ 60. Kf1 Rb1+ 61. Ke2 Rb2+ 1/2-1/2

[Event "Sliven op 16th"]
[Site "Sliven"]
[Date "2009.09.04"]
[Round "2"]
[White "Petkov, Vladimir"]
[Black "Stoyanov, Stojan Slavov"]
[Result "1-0"]
[WhiteElo "2456"]
[BlackElo "2073"]
[PlyCount "37"]
[EventDate "2009.09.04"]
[EventType "swiss"]
[EventRounds "9"]
[EventCountry "BUL"]
[SourceTitle "CBM 132 Extra"]
[Source "ChessBase"]
[SourceDate "2009.11.03"]
[SourceVersion "1"]
[SourceVersionDate "2009.11.03"]
[SourceQuality "1"]

1. Nf3 d5 2. c4 Nf6 3. cxd5 Nxd5 4. e4 Nf4 5. d4 Ng6 6. Bc4 e6 7. h4 Bb4+ 8. Kf1 c6 9. h5 Ne7 10. h6 b5 11. hxg7 Rg8 12. Rxh7 bxc4 13. a3 Ba5 14. Bg5 f6 15. Bxf6 Nd7 16. Bh4 Nc5 17. Rh8 Kf7 18. Ne5+ Kxg7 19. Qg4+ 1-0